000 nam a22 a 4500
999 _c408823
_d408823
003 BLK
005 20210416073936.0
008 201020b bu |||||r|||| 00| | bu d
040 _aBLK
041 _aRUS
_cRUS
072 _9178367
_aЦ
_xРедки и ценни
080 _aФизика
_b53
_z53
100 _9448783
_aСеже, Эмиль
_eпърви автор
139 _aСеже, Эмиль
245 _aСовременная физика об единстве физических явлений
_cСоч. Эмиля Сэже;Пер. с фр.
260 _aСанкт-Петербург
_bИ. И. Билибин
_c1883
_9435409
300 _a[4], IV, 150 с.
_c20 см
380 _a5
490 _9435080
_aКолекция Редки и ценни издания
501 _aИз предисл.: Соч. Сэже один из томиков известной Bibliotheque de philosophie contemporaine, изд. Жерме-Бальером. Оно есть краткое излож. соч. Секки "О единстве физических сил", [доп. соображениями] о единицах измерения и о силах органического мира
650 0 _9271528
_aФизика - популярна литература
852 _aРр 883
_bРц
942 _cKNG
_n0
_s1
944 _aCR
_c2021-04-16
_kК.Д.